| 000 | 00930nam a22002897a 4500 | ||
|---|---|---|---|
| 001 | 21030 | ||
| 003 | DO-SdBNP | ||
| 005 | 20221104121737.0 | ||
| 007 | 21030 | ||
| 008 | 001031sb1999 sp |||| ||spa | ||
| 020 | _a8437617421 | ||
| 040 |
_aBPMSU _bspa _cBPMSU |
||
| 082 |
_a813.4 _bT969u 1999 _222 |
||
| 100 | 1 |
_aTwain, Mark, _d1835-1910. |
|
| 245 | 1 | 3 |
_aUn yanqui en la corte del rey Arturo / _cMark Twain ; [traducción, Juan Fernando Merino] |
| 260 |
_aMadrid : _bCatedra, _c1999. |
||
| 300 |
_a448 p. ; _c20 cm. |
||
| 490 | 0 |
_aLetras universales _v282 |
|
| 500 | _3Incluye referencias bibliográficas y notas al pie de las páginas | ||
| 534 |
_aTitulo original : _tConnecticut yankee in the Arthur's court. |
||
| 590 | _6Inventariado, 2022/VM | ||
| 650 | 4 | _aNovela estadounidense | |
| 650 | 4 |
_aReyes y soberanos _vNovela. |
|
| 700 | 1 |
_aMerino, Juan Fernando _rtr. _j |
|
| 910 | _aVMateo V./Validado | ||
| 942 |
_2ddc _cBK |
||
| 999 |
_c8640 _d8640 |
||